| 000 | 00781nam a22002295i 4500 | ||
|---|---|---|---|
| 001 | 177413 | ||
| 003 | ES-MaACL | ||
| 005 | 20251109105427.0 | ||
| 008 | 110322s1962 sp a |||| | spa d | ||
| 080 | _a75 Matisse, Henri | ||
| 100 | 1 |
_aFerrier, Jean-Louis. _950572 |
|
| 245 | 1 | 0 |
_aMatisse _b: 1911-1930 / _cpor Jean-Louis Ferrier ; [traducción de Juan-Eduardo Cirlot]. |
| 260 |
_aBarcelona : _bGustavo Gili, _cD. L. 1962. |
||
| 300 |
_a[12] p. , 15 h. de lám. col. : _bil. bl. y n. ; _c15 cm. |
||
| 490 | 1 |
_aMinia ; _v35 |
|
| 500 | _aÍndice. | ||
| 600 | 1 | 4 |
_aMatisse, Henri, _d1869-1954 _979085 |
| 700 | 1 |
_aCirlot, Juan-Eduardo, _d1916-1973 _938898 |
|
| 830 | 0 |
_aMinia ; _v35 _9190454 |
|
| 852 |
_aES-MaACL _j2293-F-14 _xOlim P-140 |
||
| 999 |
_c177413 _d177413 |
||